| 000 | 01416nam0a22003251 4500 | ||
|---|---|---|---|
| 001 | rc\4016424 | ||
| 005 | 20260406074831.0 | ||
| 021 |
_aRU _b[48-14846] |
||
| 035 | _a(NLR Aleph) 008083249 | ||
| 090 |
_a9137166 _c9137166 |
||
| 100 | _a20130415d1948 |||y0rusy50 ca | ||
| 101 | 0 | _arus | |
| 102 | _aRU | ||
| 105 | _ay z ||||| | ||
| 200 | 1 |
_aЕврейские новеллы _fПереводы С. Родова _g[Предисл. В. Гроссман, с. 3] |
|
| 210 |
_aМосква _cСов. писатель _d1948 _gТип. № 3 Упр. изд-в и полиграфии исполкома Ленгорсовета |
||
| 215 |
_a287 с. _d20 |
||
| 606 |
_aПартизанское движение в Великой Отечественной войне (х. л.) _2psbo |
||
| 606 |
_aСоветский народ (х. л.) _2psbo |
||
| 606 |
_aВеликая Отечественная война (х. л.) _2psbo |
||
| 606 |
_aТруд в СССР в помощь обороне (х. л.) _2psbo |
||
| 606 |
_aЕвреи в Великой Отечественной войне (х. л.) _2psbo |
||
| 702 | 1 |
_aРодов _bС. _4730 |
|
| 702 | 1 |
_4080 _7ca _8rus _aГроссман _bВ. С. _gВасилий Семенович _f1905-1964 _3RU\NLR\AUTH\7735599 _918596 |
|
| 801 | 0 |
_aRU _bNLR _gpsbo |
|
| 801 | 1 |
_aRU _bELAR _2rusmarc |
|
| 852 |
_aNLR _jЛ40 Г-3/263 |
||
| 942 | _cBOOK | ||
| 980 | _aNB | ||